Sports Quiz

Random Sports or NFL Quiz
Score 0/292 Timer 15:00
0 Plays Today
Year (Team) Quarterback % Correct
1993 (GNB)Brett Favre
90.3%
1999 (GNB)Brett Favre
90.3%
2005 (GNB)Brett Favre
90.3%
2010 (MIN)Brett Favre
90.3%
1998 (IND)Peyton Manning
86.4%
1995 (CAR)Kerry Collins
84.5%
1997 (CAR)Kerry Collins
84.5%
1999 (NYG)Kerry Collins
84.5%
2003 (NYG)Kerry Collins
84.5%
1981 (NOR)Archie Manning
83.5%
2009 (NYJ)Mark Sanchez
83.5%
2012 (NYJ)Mark Sanchez
83.5%
1980 (CIN)Ken Anderson
82.5%
1983 (CIN)Ken Anderson
82.5%
1984 (CIN)Ken Anderson
82.5%
1988 (TAM)Vinny Testaverde
82.5%
1989 (TAM)Vinny Testaverde
82.5%
1990 (TAM)Vinny Testaverde
82.5%
1991 (TAM)Vinny Testaverde
82.5%
1992 (TAM)Vinny Testaverde
82.5%
1994 (CLE)Vinny Testaverde
82.5%
2000 (NYJ)Vinny Testaverde
82.5%
2004 (DAL)Vinny Testaverde
82.5%
1986 (TAM)Steve Young
81.6%
1994 (NWE)Drew Bledsoe
81.6%
1995 (NWE)Drew Bledsoe
81.6%
1999 (NWE)Drew Bledsoe
81.6%
2003 (BUF)Drew Bledsoe
81.6%
2009 (CLE)Derek Anderson
81.6%
2010 (ARI)Derek Anderson
81.6%
1980 (NYG)Phil Simms
80.6%
1986 (NYG)Phil Simms
80.6%
1999 (MIA)Dan Marino
80.6%
2005 (SFO)Alex Smith
80.6%
2010 (SEA)Matt Hasselbeck
80.6%
1989 (DAL)Troy Aikman
79.6%
1990 (DAL)Troy Aikman
79.6%
1996 (DAL)Troy Aikman
79.6%
2000 (DAL)Troy Aikman
79.6%
2009 (OAK)JaMarcus Russell
79.6%
2006 (TEN)Vince Young
78.6%
2007 (TEN)Vince Young
78.6%
2011 (WAS)Rex Grossman
78.6%
1997 (BUF)Todd Collins
77.7%
2000 (WAS)Brad Johnson
77.7%
2001 (KAN)Trent Green
77.7%
2002 (HOU)David Carr
77.7%
2003 (HOU)David Carr
77.7%
2006 (MIN)Brad Johnson
77.7%
2006 (HOU)David Carr
77.7%
1983 (DEN)John Elway
76.7%
1985 (DEN)John Elway
76.7%
1988 (DEN)John Elway
76.7%
1992 (DEN)John Elway
76.7%
2012 (TEN)Jake Locker
76.7%
1998 (ARI)Jake Plummer
75.7%
1999 (ARI)Jake Plummer
75.7%
2000 (ARI)Jake Plummer
75.7%
2000 (SEA)Jon Kitna
75.7%
2001 (CIN)Jon Kitna
75.7%
2001 (CLE)Tim Couch
75.7%
2002 (ARI)Jake Plummer
75.7%
2006 (DET)Jon Kitna
75.7%
2006 (DEN)Jake Plummer
75.7%
2007 (DET)Jon Kitna
75.7%
2007 (STL)Marc Bulger
75.7%
2008 (STL)Marc Bulger
75.7%
2009 (TAM)Josh Freeman
75.7%
2011 (TAM)Josh Freeman
75.7%
2012 (KAN)Matt Cassel
75.7%
2002 (MIN)Daunte Culpepper
74.8%
2012 (CLE)Brandon Weeden
74.8%
1984 (HOU)Warren Moon
73.8%
1985 (HOU)Warren Moon
73.8%
1986 (HOU)Warren Moon
73.8%
1994 (MIN)Warren Moon
73.8%
1996 (JAX)Mark Brunell
73.8%
2003 (ATL)Doug Johnson
73.8%
2009 (CAR)Jake Delhomme
73.8%
1986 (SDG)Dan Fouts
72.8%
1987 (SDG)Dan Fouts
72.8%
2012 (MIA)Ryan Tannehill
72.8%
2003 (SDG)Drew Brees
71.8%
2011 (OAK)Carson Palmer
71.8%
1987 (CIN)Boomer Esiason
70.9%
1991 (CIN)Boomer Esiason
70.9%
1992 (CIN)Boomer Esiason
70.9%
1996 (ARI)Boomer Esiason
70.9%
2005 (NOR)Aaron Brooks
69.9%
1988 (BUF)Jim Kelly
68.9%
1996 (BUF)Jim Kelly
68.9%
2002 (DET)Joey Harrington
68.9%
2003 (DET)Joey Harrington
68.9%
2006 (MIA)Joey Harrington
68.9%
2009 (DET)Matthew Stafford
68.9%
1998 (SDG)Ryan Leaf
68%
2000 (SDG)Ryan Leaf
68%
1983 (CHI)Jim McMahon
67%
Year (Team) Quarterback % Correct
1998 (PIT)Kordell Stewart
67%
1999 (PIT)Kordell Stewart
67%
2003 (CHI)Kordell Stewart
67%
2005 (CHI)Kyle Orton
67%
1982 (TAM)Doug Williams
66%
1996 (SFO)Elvis Grbac
66%
1998 (KAN)Elvis Grbac
66%
2001 (BAL)Elvis Grbac
66%
1995 (TAM)Trent Dilfer
65%
1996 (TAM)Trent Dilfer
65%
2003 (JAX)Byron Leftwich
65%
2005 (CLE)Trent Dilfer
65%
1991 (CHI)Jim Harbaugh
64.1%
1993 (CHI)Jim Harbaugh
64.1%
1999 (SDG)Jim Harbaugh
64.1%
1980 (HOU)Ken Stabler
63.1%
1981 (HOU)Ken Stabler
63.1%
1982 (NOR)Ken Stabler
63.1%
1983 (NOR)Ken Stabler
63.1%
1988 (NWE)Doug Flutie
63.1%
2001 (SDG)Doug Flutie
63.1%
2007 (MIN)Tarvaris Jackson
63.1%
2010 (WAS)Donovan McNabb
63.1%
1988 (IND)Chris Chandler
62.1%
1990 (SEA)Dave Krieg
62.1%
1991 (IND)Jeff George
62.1%
1991 (SEA)Dave Krieg
62.1%
1992 (IND)Jeff George
62.1%
1992 (MIN)Rich Gannon
62.1%
1995 (ARI)Dave Krieg
62.1%
2000 (ATL)Chris Chandler
62.1%
2003 (DAL)Quincy Carter
61.2%
2009 (BUF)Ryan Fitzpatrick
61.2%
1980 (SEA)Jim Zorn
60.2%
1982 (SEA)Jim Zorn
60.2%
1987 (DAL)Danny White
60.2%
2006 (PIT)Ben Roethlisberger
60.2%
2003 (MIA)Jay Fiedler
59.2%
2009 (MIA)Chad Henne
59.2%
2010 (MIA)Chad Henne
59.2%
2011 (ARI)John Skelton
59.2%
1987 (ATL)Scott Campbell
58.3%
2005 (BAL)Kyle Boller
57.3%
2006 (ARI)Matt Leinart
57.3%
2007 (BAL)Kyle Boller
57.3%
1989 (NYJ)Ken O'Brien
56.3%
1991 (NYJ)Ken O'Brien
56.3%
1987 (RAM)Jim Everett
55.3%
1991 (RAM)Jim Everett
55.3%
1993 (RAM)Jim Everett
55.3%
1994 (DET)Scott Mitchell
55.3%
1996 (NOR)Jim Everett
55.3%
2005 (ARI)Josh McCown
55.3%
2007 (OAK)Josh McCown
55.3%
1985 (NWE)Tony Eason
54.4%
1980 (NWE)Steve Grogan
53.4%
1981 (WAS)Joe Theismann
53.4%
1981 (NWE)Steve Grogan
53.4%
1985 (WAS)Joe Theismann
53.4%
1990 (CLE)Bernie Kosar
53.4%
1992 (WAS)Mark Rypien
53.4%
1993 (WAS)Mark Rypien
53.4%
2000 (DET)Charlie Batch
53.4%
1980 (MIN)Tommy Kramer
52.4%
1981 (OAK)Marc Wilson
52.4%
1982 (RAI)Jim Plunkett
52.4%
1984 (RAI)Marc Wilson
52.4%
1984 (MIN)Wade Wilson
52.4%
1984 (MIN)Tommy Kramer
52.4%
1984 (RAI)Jim Plunkett
52.4%
1985 (MIN)Tommy Kramer
52.4%
1985 (RAI)Marc Wilson
52.4%
1986 (RAI)Marc Wilson
52.4%
1989 (MIN)Wade Wilson
52.4%
1990 (NWE)Marc Wilson
52.4%
1993 (NOR)Wade Wilson
52.4%
1981 (NOR)Dave Wilson
51.5%
1985 (NOR)Dave Wilson
51.5%
1986 (NOR)Dave Wilson
51.5%
1980 (GNB)Lynn Dickey
50.5%
1982 (GNB)Lynn Dickey
50.5%
1985 (GNB)Lynn Dickey
50.5%
1985 (PHI)Ron Jaworski
49.5%
1988 (GNB)Don Majkowski
49.5%
1990 (GNB)Don Majkowski
49.5%
1993 (SEA)Rick Mirer
49.5%
1995 (SEA)Rick Mirer
49.5%
1996 (SEA)Rick Mirer
49.5%
2007 (STL)Gus Frerotte
49.5%
2008 (MIN)Gus Frerotte
49.5%
1980 (SFO)Steve DeBerg
48.5%
1982 (DEN)Steve DeBerg
48.5%
1986 (TAM)Steve DeBerg
48.5%
1988 (ATL)Chris Miller
48.5%
1989 (KAN)Steve DeBerg
48.5%
2003 (ARI)Jeff Blake
48.5%
1980 (NYJ)Richard Todd
47.6%
1981 (CLE)Brian Sipe
47.6%
Year (Team) Quarterback % Correct
1981 (STL)Neil Lomax
47.6%
1983 (NYJ)Richard Todd
47.6%
1984 (NOR)Richard Todd
47.6%
1980 (STL)Jim Hart
46.6%
1981 (STL)Jim Hart
46.6%
1992 (SDG)Stan Humphries
46.6%
1993 (DET)Rodney Peete
46.6%
1995 (PHI)Rodney Peete
46.6%
1998 (STL)Tony Banks
45.6%
1994 (NYG)Dave M. Brown
43.7%
1996 (NYG)Dave M. Brown
43.7%
1982 (ATL)Steve Bartkowski
42.7%
1999 (CHI)Cade McNown
42.7%
1988 (PIT)Bubby Brister
41.7%
1989 (PIT)Bubby Brister
41.7%
1996 (ATL)Bobby Hebert
40.8%
2001 (CAR)Chris Weinke
40.8%
1983 (RAM)Vince Ferragamo
39.8%
1985 (BUF)Vince Ferragamo
39.8%
1989 (RAI)Jay Schroeder
37.9%
1991 (RAI)Jay Schroeder
37.9%
2007 (KAN)Damon Huard
37.9%
1980 (DEN)Craig Morton
36.9%
1982 (BUF)Joe Ferguson
36.9%
1984 (BUF)Joe Ferguson
36.9%
1984 (PIT)Mark Malone
36.9%
1986 (PIT)Mark Malone
36.9%
1986 (CHI)Mike Tomczak
36.9%
1987 (PIT)Mark Malone
36.9%
1987 (CHI)Mike Tomczak
36.9%
1988 (SDG)Mark Malone
36.9%
1996 (PIT)Mike Tomczak
36.9%
1980 (MIA)David Woodley
35.9%
1981 (MIA)David Woodley
35.9%
1985 (PIT)David Woodley
35.9%
1994 (WAS)Heath Shuler
35.9%
1997 (NOR)Heath Shuler
35.9%
2004 (WAS)Patrick Ramsey
35.9%
2006 (OAK)Andrew Walter
35.9%
1981 (KAN)Bill Kenney
35%
2007 (NYJ)Kellen Clemens
35%
2003 (CLE)Kelly Holcomb
34%
1984 (KAN)Todd Blackledge
29.1%
1985 (KAN)Todd Blackledge
29.1%
2006 (CLE)Charlie Frye
29.1%
1980 (CHI)Vince Evans
27.2%
1981 (CHI)Vince Evans
27.2%
1996 (KAN)Steve Bono
27.2%
1999 (NOR)Billy Joe Tolliver
27.2%
1986 (IND)Jack Trudeau
26.2%
2004 (MIA)A.J. Feeley
26.2%
2008 (SFO)J.T. O'Sullivan
26.2%
1986 (GNB)Randy Wright
25.2%
1987 (GNB)Randy Wright
25.2%
1988 (GNB)Randy Wright
25.2%
1996 (NYJ)Frank Reich
23.3%
1981 (DET)Eric Hipple
21.4%
1982 (DET)Gary Danielson
21.4%
1983 (DET)Eric Hipple
21.4%
1985 (DET)Eric Hipple
21.4%
1986 (DET)Eric Hipple
21.4%
1990 (PHO)Timm Rosenbach
20.4%
1984 (DAL)Gary Hogeboom
19.4%
1989 (PHO)Gary Hogeboom
19.4%
1981 (RAM)Pat Haden
18.4%
1980 (KAN)Steve Fuller
16.5%
1992 (NYJ)Browning Nagle
16.5%
1993 (TAM)Craig Erickson
16.5%
1980 (CIN)Jack Thompson
15.5%
1983 (TAM)Jack Thompson
15.5%
1986 (DAL)Steve Pelluer
15.5%
1987 (DET)Chuck Long
15.5%
1988 (DAL)Steve Pelluer
15.5%
1991 (NWE)Hugh Millen
15.5%
1991 (PHO)Tom Tupa
15.5%
1983 (BAL)Mike Pagel
14.6%
1985 (IND)Mike Pagel
14.6%
1991 (SDG)John Friesz
14.6%
1983 (PIT)Cliff Stoudt
13.6%
1981 (NYG)Scott Brunner
12.6%
1983 (NYG)Scott Brunner
12.6%
1992 (HOU)Cody Carlson
11.7%
1997 (SDG)Craig Whelihan
11.7%
1998 (SDG)Craig Whelihan
11.7%
1992 (SEA)Stan Gelbaugh
9.7%
1980 (DEN)Matt Robinson
8.7%
1984 (CLE)Paul McDonald
8.7%
1981 (NWE)Matt Cavanaugh
7.8%
1987 (NYG)Jeff Rutledge
6.8%
1983 (MIN)Steve Dils
5.8%
1989 (DET)Bob Gagliano
5.8%
1998 (OAK)Donald Hollas
5.8%
1983 (SDG)Ed Luther
4.9%
1985 (ATL)David Archer
4.9%
1988 (DET)Rusty Hilger
2.9%
1985 (BUF)Bruce Mathison
1.9%
Remove Ads.
Support Sporcle.
Get the best of Sporcle when you Go Orange. This ad-free experience offers more features, more stats, and more fun while also helping to support Sporcle. Thank you for becoming a member.

You're not logged in!

Compare scores with friends on all Sporcle quizzes.
OR
Log In

Show Comments

Extras

Top Quizzes Today


Score Distribution

Your Account Isn't Verified!

In order to create a playlist on Sporcle, you need to verify the email address you used during registration. Go to your Sporcle Settings to finish the process.

Report this User

Report this user for behavior that violates our Community Guidelines.

Details: